Longest One-Word Country Names A-Z - Statistics

General Stats
  • This quiz has been taken 1,332 times
    1,142 since last reset
  • The average score is 17 of 24
Answer Stats
A-Z Letters Long-1-Word-Country-name % Correct
O 4 Oman
89%
K 10 Kazakhstan / Kyrgyzstan
87%
Q 5 Qatar
87%
Y 5 Yemen
84%
M 10 Madagascar / Mauritania / Micronesia / Montenegro / Mozambique
82%
Z 8 Zimbabwe
82%
I 9 Indonesia
77%
J 7 Jamaica
77%
U 10 Uzbekistan
76%
E 8 Eswatini / Ethiopia
75%
H 8 Honduras
75%
A 11 Afghanistan
74%
F 7 Finland
74%
T 12 Turkmenistan
74%
D 8 Djibouti / Dominica
73%
V 9 Venezuela
73%
C 8 Cambodia / Cameroon / Colombia
71%
L 13 Liechtenstein
71%
G 9 Guatemala
61%
R 7 Romania
60%
B 10 Bangladesh
55%
P 11 Philippines
54%
N 11 Netherlands
46%
S 11 Switzerland
43%
No matching quizzes found
Score Distribution
Percent of People with Each Score
Percentile by Number Answered
Your Score History
You have not taken this quiz since the last reset